[Event "8th Philadelphia Open"]
[Site "Philadelphia"]
[Date "2014.04.18"]
[Round "4"]
[White "Homa, Seth"]
[Black "Hughes, John"]
[Result "0-1"]
[WhiteElo "2343"]
[BlackElo "2200"]
[PlyCount "104"]
[EventDate "2014.04.??"]
[EventType "swiss"]
[EventRounds "9"]
[EventCountry "USA"]
[Source "MonRoi"]

1. d4 d5 2. Nf3 c5 3. c4 e6 4. cxd5 exd5 5. g3 Nc6 6. Bg2 Nf6 7. O-O Be7 8. Be3
c4 9. b3 cxb3 10. Qxb3 Na5 11. Qd3 Nc4 12. Bg5 O-O 13. Nc3 h6 14. Bxf6 Bxf6 15.
Rab1 Nd6 16. Qd1 Bf5 17. Rc1 Be6 18. Na4 Qa5 19. Rc5 Qa6 20. Nc3 b6 21. Rc6
Rac8 22. Nxd5 Rxc6 23. Nxf6+ gxf6 24. d5 Bxd5 25. Qxd5 Qc4 26. Qh5 Kg7 27. Nd4
Qxd4 28. Bxc6 Rc8 29. e3 Qe5 30. Qg4+ Kh8 31. Qd7 Qc5 32. Ba4 Rc7 33. Qd8+ Kg7
34. Rd1 Ne4 35. Qe8 Re7 36. Qc6 Nc3 37. Qf3 Nxd1 38. Bxd1 Rc7 39. Bb3 f5 40.
Kg2 Qe5 41. Bd5 Rc2 42. h4 Rd2 43. e4 Rd4 44. Kh2 b5 45. Qh5 Qf6 46. Qe2 fxe4
47. Bb3 Qf3 48. Qb2 Qd3 49. Qa3 Qe2 50. Qc5 Qxf2+ 51. Kh3 Qf1+ 52. Kg4 f5+ 0-1

[Event "8th Philadelphia Open"]
[Site "Philadelphia"]
[Date "2014.04.18"]
[Round "4"]
[White "Santarius, Erik"]
[Black "Melekhina, Alisa"]
[Result "1-0"]
[WhiteElo "2332"]
[BlackElo "2152"]
[PlyCount "67"]
[EventDate "2014.04.??"]
[EventType "swiss"]
[EventRounds "9"]
[EventCountry "USA"]
[Source "MonRoi"]

1. e4 d6 2. d4 Nf6 3. Nc3 e5 4. Nf3 Nbd7 5. Bc4 Be7 6. O-O Nb6 7. Be2 exd4 8.
Nxd4 O-O 9. Bf4 c6 10. Re1 Re8 11. h3 Bf8 12. Bf1 Nbd7 13. Bh2 Nc5 14. Qf3 Qb6
15. Nb3 Be6 16. e5 dxe5 17. Bxe5 Nxb3 18. axb3 Nd5 19. Ne4 Bxh3 20. Ng5 Be6 21.
Bd3 h6 22. Bh7+ Kh8 23. Nxe6 fxe6 24. Bg6 Re7 25. Ra4 Rd7 26. Rh4 Kg8 27. c4
Bb4 28. Qh3 Rf8 29. Qxe6+ Rdf7 30. Re2 Bc5 31. Bxf7+ Rxf7 32. Rg4 Bxf2+ 33. Kh1
g5 34. Qe8+ 1-0

[Event "8th Philadelphia Open"]
[Site "Philadelphia"]
[Date "2014.04.18"]
[Round "4"]
[White "Li, Ethan"]
[Black "Abrahamyan, Tatev"]
[Result "1-0"]
[WhiteElo "2104"]
[BlackElo "2396"]
[PlyCount "59"]
[EventDate "2014.04.??"]
[EventType "swiss"]
[EventRounds "9"]
[EventCountry "USA"]
[Source "MonRoi"]

1. d4 Nf6 2. c4 e6 3. Nf3 c5 4. d5 d6 5. Nc3 exd5 6. cxd5 g6 7. e4 a6 8. a4 Bg4
9. Qb3 Bxf3 10. Qxb7 Nbd7 11. gxf3 Bg7 12. Qc6 O-O 13. Qxd6 Re8 14. a5 Nh5 15.
Bh3 f5 16. Rg1 Be5 17. Qc6 Bxc3+ 18. bxc3 Ne5 19. Qb7 Nxf3+ 20. Kf1 Nxg1 21.
Kxg1 Qh4 22. Bg2 Nf6 23. Be3 Nxe4 24. d6 Rad8 25. Qxa6 Rxd6 26. Qc4+ Rde6 27.
a6 Qe7 28. a7 Ra8 29. Qd5 Qe8 30. Ra6 1-0

[Event "8th Philadelphia Open"]
[Site "Philadelphia"]
[Date "2014.04.18"]
[Round "4"]
[White "Carreto, Giovanni"]
[Black "Shen, Arthur"]
[Result "1/2-1/2"]
[WhiteElo "2201"]
[BlackElo "2353"]
[PlyCount "37"]
[EventDate "2014.04.??"]
[EventType "swiss"]
[EventRounds "9"]
[EventCountry "USA"]
[Source "MonRoi"]

1. e4 e5 2. Nf3 Nc6 3. Bc4 Bc5 4. O-O Nf6 5. Qe2 O-O 6. d3 d6 7. c3 Bb6 8. Bb3
Ne7 9. Be3 Ng6 10. Nbd2 Nh5 11. g3 Bg4 12. h3 Bxh3 13. Ng5 Nxg3 14. Qf3 Bxe3
15. Nxf7 Qh4 16. fxe3 Nxf1 17. Nd8+ Kh8 18. Qxf8+ Nxf8 19. Nf7+ 1/2-1/2

[Event "8th Philadelphia Open"]
[Site "Philadelphia"]
[Date "2014.04.18"]
[Round "4"]
[White "Balakrishnan, Praveen"]
[Black "Rudakov, Alex"]
[Result "1/2-1/2"]
[WhiteElo "2138"]
[BlackElo "2338"]
[PlyCount "104"]
[EventDate "2014.04.??"]
[EventType "swiss"]
[EventRounds "9"]
[EventCountry "USA"]
[Source "MonRoi"]

1. e4 e6 2. d3 d5 3. Qe2 dxe4 4. dxe4 e5 5. Nf3 c6 6. Nc3 Qc7 7. g3 Nf6 8. Bg5
Be7 9. Bg2 b6 10. Bxf6 Bxf6 11. Qc4 Bd8 12. Nd1 O-O 13. Ne3 Be6 14. Qc3 f6 15.
Bf1 Kh8 16. a4 a5 17. Bc4 Be7 18. O-O Bh3 19. Rfd1 Nd7 20. Bf1 Bxf1 21. Kxf1
Nc5 22. Qc4 g6 23. Ne1 Rfd8 24. Rxd8+ Rxd8 25. Rd1 Kg7 26. Rxd8 Qxd8 27. Nd3
Qd7 28. Nxc5 Bxc5 29. Qd3 Qe7 30. Nc4 h5 31. Nd2 Qc7 32. Kg2 Qc8 33. Nb3 Be7
34. Qe3 h4 35. h3 hxg3 36. fxg3 Qd8 37. Qd3 Qxd3 38. cxd3 Bb4 39. d4 Kf7 40.
dxe5 fxe5 41. Nc1 b5 42. b3 bxa4 43. bxa4 Ke6 44. Nd3 Ba3 45. Kf2 c5 46. Ke2 c4
47. Ne1 Kd6 48. Nc2 Bc1 49. h4 Kc5 50. g4 Bf4 51. g5 Kd6 52. Na3 Kc5 1/2-1/2

[Event "8th Philadelphia Open"]
[Site "Philadelphia"]
[Date "2014.04.18"]
[Round "4"]
[White "Dougherty, Michael"]
[Black "Shetty, Atulya"]
[Result "0-1"]
[WhiteElo "2131"]
[BlackElo "2313"]
[PlyCount "48"]
[EventDate "2014.04.??"]
[EventType "swiss"]
[EventRounds "9"]
[EventCountry "USA"]
[Source "MonRoi"]

1. d4 d5 2. Nf3 Nf6 3. c4 c6 4. e3 g6 5. Nc3 Bg7 6. h3 O-O 7. Bd3 a6 8. b3 c5
9. O-O Nc6 10. cxd5 cxd4 11. exd4 Nxd5 12. Nxd5 Qxd5 13. Be3 Rd8 14. Qe2 b5 15.
a4 Nb4 16. axb5 Nxd3 17. Qxd3 axb5 18. Rxa8 Qxa8 19. Re1 Bxh3 20. Bg5 Rxd4 21.
Qxb5 Rg4 22. Rxe7 Rxg2+ 23. Kh1 Bf8 24. Re3 Rxf2 0-1

[Event "8th Philadelphia Open"]
[Site "Philadelphia"]
[Date "2014.04.18"]
[Round "4"]
[White "Checa, Nicolas"]
[Black "Gorman, Dov"]
[Result "1-0"]
[WhiteElo "2054"]
[BlackElo "2236"]
[PlyCount "63"]
[EventDate "2014.04.??"]
[EventType "swiss"]
[EventRounds "9"]
[EventCountry "USA"]
[Source "MonRoi"]

1. d4 d5 2. Nf3 Nf6 3. c4 e6 4. Nc3 c6 5. cxd5 exd5 6. Bg5 Bf5 7. e3 Nbd7 8.
Bd3 Bxd3 9. Qxd3 Bd6 10. O-O O-O 11. Rfe1 h6 12. Bh4 Re8 13. Rac1 g5 14. Bg3
Bxg3 15. hxg3 Ne4 16. Nd2 f5 17. Ncxe4 fxe4 18. Qe2 Nf6 19. b4 a6 20. a4 Qd6
21. Rc5 Nd7 22. Rcc1 b5 23. Nb3 Qxb4 24. Nc5 Nxc5 25. Rxc5 Re6 26. Rec1 bxa4
27. Rxc6 Rxc6 28. Rxc6 Qb5 29. Rg6+ Kf8 30. Qh5 Re8 31. Qxh6+ Ke7 32. Rg7+ 1-0

[Event "8th Philadelphia Open"]
[Site "Philadelphia"]
[Date "2014.04.18"]
[Round "4"]
[White "Yuvarajan, Prathiba"]
[Black "Elezi, Luan"]
[Result "1/2-1/2"]
[WhiteElo "2191"]
[BlackElo "2058"]
[PlyCount "141"]
[EventDate "2014.04.??"]
[EventType "swiss"]
[EventRounds "9"]
[EventCountry "USA"]
[Source "MonRoi"]

1. e4 e6 2. d4 d5 3. Nd2 dxe4 4. Nxe4 Nf6 5. Nxf6+ Qxf6 6. Nf3 h6 7. Bd3 Nc6 8.
O-O Bd7 9. c3 Bd6 10. Qe2 O-O-O 11. b4 g5 12. b5 Ne7 13. c4 g4 14. Ne5 Nf5 15.
Bb2 Bxe5 16. dxe5 Qe7 17. Bxf5 exf5 18. e6 Qxe6 19. Qxe6 Bxe6 20. Bxh8 Rxh8 21.
Rac1 Rd8 22. f3 Rd4 23. fxg4 fxg4 24. Rf2 h5 25. g3 Bxc4 26. Rfc2 Bd5 27. Rxc7+
Kd8 28. R1c2 Rb4 29. R7c5 Rd4 30. Kf2 Kd7 31. Ke3 Re4+ 32. Kd3 Kd6 33. Rc8 f5
34. Rd8+ Ke6 35. Rc7 Ra4 36. Rh8 Ra3+ 37. Kd4 Ra4+ 38. Ke3 Kd6 39. Rg7 Rxa2 40.
Rd8+ Kc5 41. Rc7+ Kb6 42. Rh7 Kxb5 43. Rxh5 Be4 44. Re8 Kb4 45. Rh7 b5 46. h4
gxh3 47. Rxh3 a5 48. Re5 a4 49. Rh4 Ra3+ 50. Ke2 Rxg3 51. Rxf5 a3 52. Rxe4+ Ka5
53. Re8 Rg2+ 54. Kd3 a2 55. Ra8+ Kb4 56. Rh5 Rf2 57. Re5 Rh2 58. Rd5 Rg2 59.
Ke3 Rb2 60. Rd3 Kc4 61. Rda3 b4 62. Rxa2 Rxa2 63. Rxa2 b3 64. Ra4+ Kc3 65. Ra3
Kc2 66. Kd4 b2 67. Rc3+ Kd2 68. Rg3 b1=Q 69. Rg2+ Kc1 70. Rg1+ Kb2 71. Rxb1+
1/2-1/2

[Event "8th Philadelphia Open"]
[Site "Philadelphia"]
[Date "2014.04.18"]
[Round "4"]
[White "Bauza, Eduardo"]
[Black "Hernandez-Camen, Angel"]
[Result "0-1"]
[WhiteElo "1795"]
[BlackElo "2070"]
[PlyCount "76"]
[EventDate "2014.04.??"]
[EventType "swiss"]
[EventRounds "9"]
[EventCountry "USA"]
[Source "MonRoi"]

1. e4 c6 2. d4 d5 3. Nc3 dxe4 4. Nxe4 Bf5 5. Ng3 Bg6 6. Nf3 Nd7 7. Bd3 e6 8.
O-O Ngf6 9. b3 Be7 10. Bb2 O-O 11. c4 a5 12. Bxg6 hxg6 13. Bc3 b5 14. Re1 Qb6
15. Rb1 Rfd8 16. Qe2 b4 17. Ba1 a4 18. Ng5 Nf8 19. N3e4 axb3 20. axb3 Ra5 21.
c5 Qa7 22. Qf3 Rd5 23. g4 Bd8 24. Bb2 Nxe4 25. Nxe4 g5 26. Ra1 Be7 27. Qe2 Ng6
28. Rxa5 Qxa5 29. Ra1 Qc7 30. Qe3 Nf4 31. Ra4 Rd8 32. f3 e5 33. dxe5 Rd1+ 34.
Kf2 Rd3 35. Qc1 Rxb3 36. Ra8+ Bf8 37. Qc4 Rxb2+ 38. Kg1 Qxe5 0-1

[Event "8th Philadelphia Open"]
[Site "Philadelphia"]
[Date "2014.04.18"]
[Round "4"]
[White "Helfst, Matt"]
[Black "Rubin, Joshua"]
[Result "0-1"]
[WhiteElo "1957"]
[BlackElo "2077"]
[PlyCount "133"]
[EventDate "2014.04.??"]
[EventType "swiss"]
[EventRounds "9"]
[EventCountry "USA"]
[Source "MonRoi"]

1. Nf3 Nf6 2. c4 g6 3. b4 Bg7 4. Bb2 O-O 5. e3 b6 6. d4 Bb7 7. Bd3 c5 8. b5 e6
9. Nbd2 d5 10. Qc2 Nbd7 11. O-O Rc8 12. Qa4 Rc7 13. Ne5 Nxe5 14. dxe5 Ng4 15.
cxd5 Nxe5 16. Be2 Qxd5 17. Nf3 Nxf3+ 18. Bxf3 Qd7 19. Rad1 Qe7 20. Ba3 Bxf3 21.
gxf3 Qg5+ 22. Kh1 Rfc8 23. Qc4 Qe7 24. Rg1 Rd7 25. Rdf1 Rcd8 26. Bc1 Rd3 27. f4
Qb7+ 28. f3 Qd5 29. Qa4 Rd7 30. Rg5 Qb7 31. Qc2 Rd1 32. Qg2 Qc7 33. Qe2 Rxf1+
34. Qxf1 Qd6 35. Rg1 Qd3 36. Qxd3 Rxd3 37. Kg2 Kf8 38. Kf2 Bc3 39. Ke2 Rd7 40.
Rg5 f5 41. Rg1 Ke7 42. h3 Kd8 43. a4 Ke7 44. Rg2 Kf7 45. Rg1 Kg7 46. Kf2 Kh6
47. Kg3 Kh5 48. Rh1 Rd3 49. Rf1 Bb4 50. Kf2 Kh6 51. Ke2 Rd7 52. Rg1 Rd8 53. Rg2
Bc3 54. Rg1 Kg7 55. Rg2 Kf6 56. Rg1 h6 57. Rg2 Rd7 58. Rg1 c4 59. e4 Bb4 60.
Be3 Rd3 61. Rc1 Ra3 62. Rxc4 Be7 63. e5+ Kf7 64. Bc1 Ra2+ 65. Kd3 Bc5 66. Bd2
Ra1 67. Bb4 0-1

[Event "8th Philadelphia Open"]
[Site "Philadelphia"]
[Date "2014.04.18"]
[Round "4"]
[White "Jaobson, Aaron"]
[Black "Plotkin, Victor"]
[Result "1/2-1/2"]
[WhiteElo "1913"]
[BlackElo "2218"]
[PlyCount "89"]
[EventDate "2014.04.??"]
[EventType "swiss"]
[EventRounds "9"]
[EventCountry "USA"]
[Source "MonRoi"]

1. e4 e5 2. Nf3 Nf6 3. Nxe5 d6 4. Nf3 Nxe4 5. d4 d5 6. Bd3 Be7 7. O-O O-O 8. c4
Nf6 9. h3 Nc6 10. Nc3 Nb4 11. Be2 Bf5 12. Bf4 dxc4 13. Bxc4 c6 14. Rc1 Nbd5 15.
Nxd5 Nxd5 16. Be5 Qb6 17. Re1 Rfe8 18. Re2 Rad8 19. Bxd5 Rxd5 20. Qd2 Bf8 21.
Qf4 Be6 22. Ng5 Qb5 23. Re3 h6 24. Ne4 Rxe5 25. dxe5 Qxb2 26. Rg3 Kh8 27. Rd1
Qxa2 28. Nd6 Re7 29. Nf5 Bxf5 30. Rd8 Qb1+ 31. Kh2 Qe4 32. Rxf8+ Kh7 33. Qd2
Rd7 34. Qc3 Bg6 35. Qc5 b6 36. Qc3 c5 37. Rg4 Qd3 38. Qa1 Qe2 39. f4 h5 40. Rg5
Rd1 41. Qxa7 Qf2 42. Qb8 Qg1+ 43. Kg3 Qe1+ 44. Kh2 Qg1+ 45. Kg3 1/2-1/2

[Event "8th Philadelphia Open"]
[Site "Philadelphia"]
[Date "2014.04.18"]
[Round "5.3"]
[White "Paragua, Mark"]
[Black "Chirila, Ioan"]
[Result "1/2-1/2"]
[WhiteElo "2495"]
[BlackElo "2520"]
[PlyCount "37"]
[EventDate "2014.04.??"]
[EventType "swiss"]
[EventRounds "9"]
[EventCountry "USA"]
[Source "MonRoi"]
[WhiteClock "0:55:09"]
[BlackClock "0:29:51"]

1. d4 Nf6 2. Bg5 d5 3. Bxf6 gxf6 4. c4 c5 5. cxd5 Qxd5 6. Nf3 cxd4 7. Nc3 Qa5
8. Nxd4 e6 9. a3 Bg7 10. e3 f5 11. Bb5+ Nd7 12. O-O a6 13. Be2 O-O 14. Rc1 Nf6
15. Na4 Ne4 16. b4 Qd8 17. Bf3 Bd7 18. Nc5 Nxc5 19. bxc5 1/2-1/2

[Event "8th Philadelphia Open"]
[Site "Philadelphia"]
[Date "2014.04.18"]
[Round "5.4"]
[White "Dobrov, Vladimir"]
[Black "Santarius, Erik"]
[Result "0-1"]
[WhiteElo "2511"]
[BlackElo "2332"]
[PlyCount "136"]
[EventDate "2014.04.??"]
[EventType "swiss"]
[EventRounds "9"]
[EventCountry "USA"]
[Source "MonRoi"]
[WhiteClock "0:00:12"]
[BlackClock "0:07:13"]

1. d4 Nf6 2. c4 e6 3. Nf3 d5 4. e3 Be7 5. b3 O-O 6. Bb2 c5 7. Bd3 b6 8. O-O Bb7
9. Nbd2 Nc6 10. Rc1 Rc8 11. Qe2 Re8 12. Rfd1 cxd4 13. exd4 Bf8 14. a3 Qe7 15.
c5 a5 16. cxb6 Qd8 17. Bb5 Qxb6 18. Ne5 Re7 19. Nxc6 Bxc6 20. Ba6 Rb8 21. Rc3
Rc7 22. Rdc1 Bd6 23. R1c2 Ra8 24. Bd3 Rac8 25. Ba6 Bb7 26. Bxb7 Qxb7 27. Qd3 g6
28. a4 Rxc3 29. Rxc3 Rb8 30. Qc2 Bf4 31. f3 Kg7 32. g3 Bd6 33. Kf2 Ne8 34. Nf1
Be7 35. Ne3 Bf6 36. Qd2 h5 37. Ba3 Ra8 38. Ke2 Nc7 39. Bd6 Na6 40. Ba3 Qb6 41.
Nc2 h4 42. g4 g5 43. Kd1 Kh6 44. Kc1 Nb4 45. Bxb4 axb4 46. Rd3 Be7 47. Kb2 Bd6
48. f4 Bxf4 49. Qe2 Kg7 50. h3 Rc8 51. Rf3 Qd6 52. Qb5 Bd2 53. Qe2 Bf4 54. Qb5
e5 55. dxe5 Bxe5+ 56. Kb1 Bf6 57. Qe2 d4 58. Qe4 Rc5 59. Rf5 Rc3 60. Qd5 Qe7
61. Nxb4 Rxh3 62. Nc6 Qe3 63. Rxf6 Kxf6 64. Nxd4 Qg1+ 65. Kb2 Qxg4 66. a5 Rd3
67. Qd6+ Kg7 68. Qe5+ Kg6 0-1

[Event "8th Philadelphia Open"]
[Site "Philadelphia"]
[Date "2014.04.18"]
[Round "5"]
[White "Xiong, Jeffrey"]
[Black "Troff, Kayden"]
[Result "1/2-1/2"]
[WhiteElo "2421"]
[BlackElo "2477"]
[PlyCount "52"]
[EventDate "2014.04.??"]
[EventType "swiss"]
[EventRounds "9"]
[EventCountry "USA"]
[Source "MonRoi"]

1. e4 c5 2. Nf3 d6 3. Bb5+ Bd7 4. Bxd7+ Qxd7 5. O-O Nf6 6. Qe2 Nc6 7. c3 e6 8.
d4 cxd4 9. cxd4 d5 10. e5 Ne4 11. Be3 Be7 12. Ne1 f6 13. f3 Ng5 14. Nd3 Nf7 15.
f4 O-O 16. Nd2 Rac8 17. Rac1 b6 18. Bf2 f5 19. Nb3 Qb7 20. Rc2 a5 21. Rfc1 Na7
22. Nd2 Rxc2 23. Rxc2 Rc8 24. Qd1 Nd8 25. Rxc8 Qxc8 26. Kf1 g6 1/2-1/2

[Event "8th Philadelphia Open"]
[Site "Philadelphia"]
[Date "2014.04.18"]
[Round "5"]
[White "Li, Ethan"]
[Black "Esserman, Marc"]
[Result "1/2-1/2"]
[WhiteElo "2104"]
[BlackElo "2431"]
[PlyCount "86"]
[EventDate "2014.04.??"]
[EventType "swiss"]
[EventRounds "9"]
[EventCountry "USA"]
[Source "MonRoi"]

1. d4 Nf6 2. c4 g6 3. Nc3 d5 4. cxd5 Nxd5 5. e4 Nxc3 6. bxc3 Bg7 7. Be3 c5 8.
Qd2 Qa5 9. Rc1 cxd4 10. cxd4 Qxd2+ 11. Bxd2 O-O 12. Nf3 Bg4 13. Be3 Bxf3 14.
gxf3 Nc6 15. d5 Nd4 16. Bh3 Nxf3+ 17. Ke2 Nd4+ 18. Kd3 e5 19. Bxd4 exd4 20. f4
Rad8 21. Rc7 Rd6 22. Rxb7 Ra6 23. Bd7 Ra3+ 24. Kc4 Rxa2 25. e5 Rf2 26. e6 fxe6
27. dxe6 Re2 28. Ra1 Rxf4 29. Raxa7 Rc2+ 30. Kb5 Rb2+ 31. Kc4 Rc2+ 32. Kb5 Rf5+
33. Kb6 Rb2+ 34. Kc6 Rc2+ 35. Kb6 Bf8 36. Ra8 Rb2+ 37. Kc7 Rxb7+ 38. Kxb7 Re5
39. Rd8 Kg7 40. Bc8 Bc5 41. Kc6 g5 42. Rd5 Rxd5 43. Kxd5 Be7 1/2-1/2

[Event "8th Philadelphia Open"]
[Site "Philadelphia"]
[Date "2014.04.18"]
[Round "5"]
[White "Margvelashvili, Giorgi"]
[Black "Hughes, John"]
[Result "1-0"]
[WhiteElo "2546"]
[BlackElo "2200"]
[PlyCount "69"]
[EventDate "2014.04.??"]
[EventType "swiss"]
[EventRounds "9"]
[EventCountry "USA"]
[Source "MonRoi"]

1. d4 d5 2. c4 e6 3. Nc3 c5 4. e3 Nf6 5. Nf3 Nc6 6. a3 a6 7. Bd3 dxc4 8. Bxc4
b5 9. Bd3 Bb7 10. O-O Qb6 11. Qe2 Rd8 12. dxc5 Bxc5 13. b4 Bd6 14. Bb2 O-O 15.
Rac1 Rd7 16. h3 Rfd8 17. Ne4 Nxe4 18. Bxe4 h6 19. Bb1 Rc8 20. Qc2 g6 21. Qc3 e5
22. Qb3 Kg7 23. Rfd1 Re8 24. Rd2 Qc7 25. Be4 Rc8 26. Nxe5 Bxe5 27. Bxe5+ Nxe5
28. Rxc7 Rdxc7 29. Bxb7 Rxb7 30. Rd6 Rc1+ 31. Kh2 Nc4 32. Rd8 f6 33. Qd3 Ne5
34. Qd5 Rcc7 35. Qg8# 1-0

[Event "8th Philadelphia Open"]
[Site "Philadelphia"]
[Date "2014.04.18"]
[Round "5"]
[White "Friedel, Joshua"]
[Black "Chandra, Akshat"]
[Result "1-0"]
[WhiteElo "2500"]
[BlackElo "2370"]
[PlyCount "75"]
[EventDate "2014.04.??"]
[EventType "swiss"]
[EventRounds "9"]
[EventCountry "USA"]
[Source "MonRoi"]

1. Nf3 Nf6 2. g3 g6 3. Bg2 Bg7 4. O-O O-O 5. c4 c6 6. d4 d5 7. Qb3 dxc4 8. Qxc4
Bf5 9. Nc3 Nbd7 10. e3 Rc8 11. Qe2 Bg4 12. Rd1 Nd5 13. h3 Bxf3 14. Bxf3 Nxc3
15. bxc3 Qc7 16. a4 e5 17. Rb1 Rfe8 18. Qa2 b6 19. Ba3 Bf8 20. Bxf8 Nxf8 21. a5
b5 22. d5 cxd5 23. Bxd5 Ne6 24. Rxb5 Qxc3 25. Rb7 Rc7 26. Rdb1 Ree7 27. a6 Nd8
28. Kg2 Kg7 29. R1b5 Rcd7 30. e4 Rc7 31. Rb3 Qe1 32. Qb2 f6 33. Qa3 Red7 34.
Rb1 Qd2 35. Rxc7 Rxc7 36. Qd6 Rc2 37. Qe7+ Kh6 38. Qxf6 1-0

[Event "8th Philadelphia Open"]
[Site "Philadelphia"]
[Date "2014.04.18"]
[Round "5"]
[White "Shetty, Atulya"]
[Black "Ostrovskiy, Aleksandr"]
[Result "1/2-1/2"]
[WhiteElo "2313"]
[BlackElo "2442"]
[PlyCount "134"]
[EventDate "2014.04.??"]
[EventType "swiss"]
[EventRounds "9"]
[EventCountry "USA"]
[Source "MonRoi"]

1. c4 Nf6 2. g3 e6 3. Nf3 d5 4. b3 Be7 5. Bg2 O-O 6. O-O c5 7. e3 Nc6 8. Bb2 b6
9. Nc3 dxc4 10. bxc4 Bb7 11. Qe2 Qc7 12. Rfd1 a6 13. Rab1 Rab8 14. d3 Rfd8 15.
Ba1 Ne8 16. Ne1 Na7 17. a4 Bxg2 18. Nxg2 Nc6 19. f4 Nb4 20. Na2 Nxa2 21. Qxa2
Bf6 22. Rb3 Bxa1 23. Qxa1 Qc6 24. Qb2 h6 25. Ne1 Qxa4 26. Ra1 Qc6 27. Rxa6 Rd6
28. Ra1 Nc7 29. Kf2 b5 30. cxb5 Rxb5 31. Rxb5 Nxb5 32. Rc1 Nc7 33. Qb8+ Kh7 34.
Qa7 Rd5 35. e4 Rd7 36. Qxc5 Qa6 37. Qc6 Qa7+ 38. Qc5 Qa2+ 39. Rc2 Qa6 40. Qc6
Qa7+ 41. Qc5 Qa4 42. Qc6 Qa7+ 43. Kg2 Ne8 44. Qc8 Nf6 45. Qc5 Qb7 46. h3 Qb1
47. Qf2 Qb7 48. Qe3 Qb3 49. g4 Qb1 50. Rf2 Qb5 51. Rd2 Qb7 52. Nf3 Rc7 53. Qf2
Qb5 54. Ne5 Rb7 55. Rc2 Nd7 56. Nc4 Nf6 57. Nd6 Qxd3 58. Nxb7 Qxe4+ 59. Kh2
Qxb7 60. Rb2 Qc7 61. Qc2+ Qxc2+ 62. Rxc2 g5 63. Kg3 Nd5 64. fxg5 hxg5 65. Ra2
Kg6 66. Ra6 Nb4 67. Ra7 Nd5 1/2-1/2

[Event "8th Philadelphia Open"]
[Site "Philadelphia"]
[Date "2014.04.18"]
[Round "5"]
[White "Mulyar, Michael"]
[Black "King, Alexander"]
[Result "1/2-1/2"]
[WhiteElo "2430"]
[BlackElo "2234"]
[PlyCount "92"]
[EventDate "2014.04.??"]
[EventType "swiss"]
[EventRounds "9"]
[EventCountry "USA"]
[Source "MonRoi"]

1. d4 d5 2. Nf3 Nf6 3. c4 c6 4. e3 Bf5 5. Nc3 e6 6. Nh4 Be4 7. f3 Bg6 8. Qb3
Qc7 9. Bd2 Be7 10. O-O-O dxc4 11. Bxc4 a6 12. Be2 c5 13. Nxg6 hxg6 14. d5 exd5
15. Nxd5 Nxd5 16. Qxd5 Nc6 17. Bc4 O-O 18. Qe4 Bf6 19. Kb1 Rad8 20. Qc2 Nb4 21.
Bxb4 cxb4 22. Bd5 Qxc2+ 23. Kxc2 Rd7 24. e4 Rc8+ 25. Kb1 Rdc7 26. f4 Kf8 27. g4
g5 28. e5 Be7 29. f5 Rd8 30. Bb3 b5 31. e6 fxe6 32. fxe6 Rxd1+ 33. Rxd1 a5 34.
Rf1+ Bf6 35. Rf5 a4 36. Bd1 Ke7 37. Rxb5 a3 38. bxa3 bxa3 39. Bb3 Bb2 40. Bc2
Kxe6 41. Rxg5 Rc3 42. Rf5 Re3 43. Rf1 Rh3 44. Rf2 Be5 45. g5 Rxh2 46. Rxh2 Bxh2
1/2-1/2

[Event "8th Philadelphia Open"]
[Site "Philadelphia"]
[Date "2014.04.18"]
[Round "5"]
[White "Sharma, Arun"]
[Black "Checa, Nicolas"]
[Result "0-1"]
[WhiteElo "2398"]
[BlackElo "2054"]
[PlyCount "106"]
[EventDate "2014.04.??"]
[EventType "swiss"]
[EventRounds "9"]
[EventCountry "USA"]
[Source "MonRoi"]

1. d4 d5 2. c4 c6 3. Nf3 Nf6 4. Nc3 a6 5. g3 b5 6. c5 Bf5 7. Bg2 Nbd7 8. O-O e6
9. a3 Be7 10. Nh4 Bg4 11. f4 O-O 12. Qd3 Ne8 13. Nf3 Bf5 14. Qd1 Bg6 15. Be3 f5
16. Ne5 Qc7 17. b4 Nef6 18. a4 Nxe5 19. dxe5 Nd7 20. Qb3 Qb7 21. a5 Qc7 22. Na2
Kh8 23. Qc3 Rg8 24. Nc1 Bf7 25. Nd3 Rac8 26. Ne1 Bh5 27. Rf2 Qd8 28. Nc2 Nf8
29. Nd4 h6 30. Kf1 Kh7 31. Ke1 Bf7 32. Bh3 g6 33. Kd2 h5 34. Rh1 Rc7 35. Bg2 g5
36. Bh3 g4 37. Bf1 h4 38. h3 hxg3 39. hxg4+ Bh4 40. gxf5 exf5 41. Nxf5 Rg4 42.
Rf3 Bg6 43. Nxg3 d4 44. Bxd4 Ne6 45. e3 Qd5 46. Ke2 Kg8 47. Rg1 Rg7 48. f5 Ng5
49. Bg2 Bh5 50. e4 Nxe4 51. Nxe4 Qxe4+ 52. Kf1 Rxg2 53. Rxg2 Qb1+ 0-1

[Event "8th Philadelphia Open"]
[Site "Philadelphia"]
[Date "2014.04.18"]
[Round "5"]
[White "Melekhina, Alisa"]
[Black "Homa, Seth"]
[Result "1/2-1/2"]
[WhiteElo "2152"]
[BlackElo "2343"]
[PlyCount "28"]
[EventDate "2014.04.??"]
[EventType "swiss"]
[EventRounds "9"]
[EventCountry "USA"]
[Source "MonRoi"]

1. e4 Nf6 2. e5 Nd5 3. c4 Nb6 4. c5 Nd5 5. d4 d6 6. cxd6 cxd6 7. Bc4 e6 8. Nf3
Nc6 9. O-O Be7 10. Qe2 O-O 11. Nc3 Nxc3 12. bxc3 dxe5 13. dxe5 Qa5 14. Bd3 Qxc3
1/2-1/2

[Event "8th Philadelphia Open"]
[Site "Philadelphia"]
[Date "2014.04.18"]
[Round "5"]
[White "Song, Michael"]
[Black "Balakrishnan, Praveen"]
[Result "1-0"]
[WhiteElo "2268"]
[BlackElo "2138"]
[PlyCount "57"]
[EventDate "2014.04.??"]
[EventType "swiss"]
[EventRounds "9"]
[EventCountry "USA"]
[Source "MonRoi"]

1. e4 c6 2. Nc3 d5 3. Nf3 Bg4 4. h3 Bxf3 5. Qxf3 e6 6. g3 Nf6 7. Bg2 dxe4 8.
Nxe4 Nxe4 9. Qxe4 Nd7 10. O-O Nf6 11. Qe2 Bc5 12. b4 Be7 13. b5 Rc8 14. bxc6
bxc6 15. Qa6 Qc7 16. Rb1 Bc5 17. Rb7 Qd6 18. c3 e5 19. d4 exd4 20. Re1+ Kf8 21.
Rb5 Re8 22. Rxe8+ Kxe8 23. Qxc6+ Qxc6 24. Bxc6+ Ke7 25. Rxc5 d3 26. Bf3 Rb8 27.
Rc7+ Kd8 28. Rb7 Rc8 29. Bd2 1-0

[Event "8th Philadelphia Open"]
[Site "Philadelphia"]
[Date "2014.04.18"]
[Round "5"]
[White "Hernandez-Camen, Angel"]
[Black "Yuan, Yuan"]
[Result "1/2-1/2"]
[WhiteElo "2070"]
[BlackElo "2254"]
[PlyCount "96"]
[EventDate "2014.04.??"]
[EventType "swiss"]
[EventRounds "9"]
[EventCountry "USA"]
[Source "MonRoi"]

1. Nf3 Nf6 2. c4 g6 3. g3 Bg7 4. d4 d6 5. Bg2 O-O 6. O-O Nc6 7. Nc3 a6 8. b3
Rb8 9. Nd5 Ne4 10. Bb2 f5 11. Rc1 e6 12. Nc3 d5 13. e3 g5 14. Qe2 Bh6 15. Rfd1
g4 16. Ne1 Ne7 17. Nxe4 dxe4 18. d5 exd5 19. Qd2 d4 20. Bxd4 Nc6 21. Bc5 Qxd2
22. Rxd2 Re8 23. Nc2 Bg7 24. Nb4 Nxb4 25. Bxb4 Be6 26. Bf1 Rbd8 27. Rcd1 Bf6
28. Be2 Kf7 29. Kf1 Rxd2 30. Rxd2 Rd8 31. Rxd8 Bxd8 32. Ke1 Ke8 33. Kd2 Kd7 34.
Bc3 Be7 35. Bd4 Bb4+ 36. Bc3 Bd6 37. Bd4 Kc6 38. a4 Bb4+ 39. Bc3 Kc5 40. Kc2
Bd7 41. Bd4+ Kd6 42. Bc3 Ba3 43. Bb2 Bc5 44. Kc3 Bb6 45. Kc2 Be8 46. Bf1 h5 47.
Be2 Bd7 48. Bf1 Ba5 1/2-1/2

[Event "8th Philadelphia Open"]
[Site "Philadelphia"]
[Date "2014.04.18"]
[Round "5"]
[White "Betaneli, Aleksandr"]
[Black "Burke, John"]
[Result "0-1"]
[WhiteElo "2249"]
[BlackElo "2073"]
[PlyCount "51"]
[EventDate "2014.04.??"]
[EventType "swiss"]
[EventRounds "9"]
[EventCountry "USA"]
[Source "MonRoi"]

1. c4 Nf6 2. g3 g6 3. Bg2 d5 4. cxd5 Nxd5 5. Nc3 Nb6 6. d3 Bg7 7. Be3 Nc6 8.
Qd2 O-O 9. Bh6 e5 10. h4 Bxh6 11. Qxh6 Nd4 12. Nf3 f6 13. Qd2 Be6 14. e3 Nxf3+
15. Bxf3 Nd5 16. O-O f5 17. Rac1 c6 18. Bxd5 Bxd5 19. f4 exf4 20. Rxf4 Be6 21.
b4 h6 22. d4 g5 23. hxg5 hxg5 24. Rf2 Qe7 25. Rh2 Kg7 26. Kf2 0-1